Voces con ciudad : poesía de la ciudad del siglo XX /

Obra en que se reúnen poemas en torno al tema de la ciudad, tema emblemático del mundo moderno. Dividida en tres partes, la antología alude, en primer lugar, a la ciudad entendida como una categoría general, intemporal y nutrida de diversos mundos; el segundo y tercer segmentos abordan la ciudad con...

Whakaahuatanga katoa

I tiakina i:
Ngā taipitopito rārangi puna kōrero
Kaituhi matua: Angel, Miguel Arnulfo (selec. y pról.)
Hōputu: Pukapuka
Reo:Pāniora
I whakaputaina: México : UAM, 2000, c2000
Rangatū:(Molinos de Viento ; Poesía) 132.
Ngā marau:
Ngā Tūtohu: Tāpirihia he Tūtohu
Kāore He Tūtohu, Me noho koe te mea tuatahi ki te tūtohu i tēnei pūkete!

MARC

LEADER 00000nam^a2200000^a^4500
001 000146480
005 20250521000000.0
009 20260310095911.791
020 |a 970-654-2930 
037 |a Acervo ITESO - Biblioteca 
041 |a ESP 
082 |a 808. 81932  |b ANG 
100 |a Angel, Miguel Arnulfo  |e (selec. y pról.) 
245 1 0 |a Voces con ciudad :  |b poesía de la ciudad del siglo XX /  |c Selec. y pról. de M.A. Angel. 
264 4 |a México :  |b UAM,  |c 2000, c2000 
300 |a 525 p. 
336 |a texto  |b txt  |2 rdacontenido 
337 |a sin mediación  |b n  |2 rdamedio 
338 |a volumen  |b nc  |2 rdasoporte 
440 1 |a (Molinos de Viento ;  |v 132.  |p Poesía) 
520 |a Obra en que se reúnen poemas en torno al tema de la ciudad, tema emblemático del mundo moderno. Dividida en tres partes, la antología alude, en primer lugar, a la ciudad entendida como una categoría general, intemporal y nutrida de diversos mundos; el segundo y tercer segmentos abordan la ciudad con su nombre propio y la singularidad de su espacialidad, en América y en Europa, respectivamente. 
649 |a XX 
650 |a Poesía 
650 |a Literatura -  |y Siglo XX 
650 |a Zonas Urbanas en la Literatura 
650 |a Zonas Urbanas -  |z América 
650 |a Zonas Urbanas -  |z Europa 
910 |a Fondo General 
920 |a Impresos - Libros 
930 |a Colección General 
940 |a Literatura 
905 |a 101 
901 |a 0500075894  |b IT1  |c LIT  |u 20250521 
902 |a https://opac.biblio.iteso.mx/vufind/Record/000146480